Every Kikuo Song - Statistics

General Stats
  • This quiz has been taken 44 times
  • The average score is 32 of 201
Answer Stats
Hint Answer % Correct
きくおミク3 愛して愛して愛して
77%
きくおミク2 | きくおミク2 Pre-release ごめんね ごめんね
68%
1 天国へ行こう
64%
きくおミク5 カラカラカラのカラ
64%
No album カラカラカラのカラ (STuPiD DaNCe ReMiX)
64%
きくおミク6 あなぐらぐらし
59%
1 僕をそんな目で見ないで
55%
きくおミク3 君はできない子
50%
きくおミク7 イイコと妖狐
50%
きくおミク3 ライライライ
45%
きくおミク4 UFO
45%
きくおミク3 夜のうた
41%
きくおミク6 猫の食卓
41%
KIKUOWORLD2 CULT
41%
きくおミク2 君が死んでも許してあげるよ
36%
きくおミク3 しかばねの踊り
36%
きくおミク0 溺れる宇宙猫
36%
きくおミク0
36%
きくおミク0 ため息
36%
きくおミク4 ようこそ星のお宿
36%
きくおミク7 見つかんない見つかんない
36%
きくおミク7 きらいきらいきらいって
36%
No album そのまんまそのまんま、 そのままずっとそのまま
36%
きくおミク4 Kaleidoscope
36%
1 私を食べて
32%
1 物をぱらぱら壊す
32%
きくおミク2 幸福な死を
32%
きくおミク4 フラットライン
32%
きくおミク4 マンダラ
32%
きくおミク5 産声
32%
きくおミク6 バツ猫
32%
きくおミク6 わたあめ
32%
きくおミク7 カエルのおどり
32%
きくおミク7 ソワカの声
32%
きくおミク7 ナ​イ​フ​、​ナ​イ​フ​、​ナ​イ​フ
32%
きくおミク4 幸福な死を (2014 Livemix)
32%
きくおミク5 MAWARU
32%
1 月の妖怪
27%
きくおミク2 Pre-release | きくおミク2 そして君は月になった
27%
きくおミク2 | きくおミク2 Pre-release 世界で一番優しい死神
27%
きくおミク2 | きくおミク2 Pre-release ぽっかんカラー
27%
きくおミク2 赤ずきんの狼
27%
第一幕 のぼれ!すすめ!高い塔
27%
第二幕 不幸屋の娘
27%
きくおミク7 幽体離脱
27%
きくおミク3 月の妖怪 (2013 Kikuo remix)
27%
きくおミク5 のぼれ! すすめ! 高い塔 (VOCALOID ver.)
27%
1 Infinite Dreamer
27%
きくおミク5 Sea is
27%
きくおミク2 | きくおミク2 Pre-release 塵塵呪詛
23%
KIKUOWORLD2 おやすみなさい
23%
KIKUOWORLD2 悲しき宇宙船
23%
きくおミク4 おばけの招待状
23%
第一幕 光よ
23%
きくおミク6 愛を探して
23%
きくおミク7 深い森のなかで
23%
きくおミク3 塵塵呪詛 (2013 Kikuo Remix)
23%
きくおミク7 My Time OMORI ver. (Kikuo cover)
23%
きくおミク4 塵塵呪詛 -second curse-
23%
KIKUOWORLD3 Sight, Noise, Life and the Earth
23%
きくおミク6 舞台性ナニカ (Vocaloid ver.)
23%
1 悪いことはしちゃいけないよ
18%
きくおミク3 真冬の娘
18%
きくおミク3 てんしょう しょうてんしょう
18%
いきものの魂のゆくえ 陽射しはつかの間
18%
第一幕 デザート・シアター
18%
第一幕 紙人形
18%
第一幕 うらみのワルツ
18%
第一幕 夜行性
18%
第二幕 ヒトガワリ
18%
きくおミク5 怪獣ピノ・ポラリス
18%
きくおミク6 学校に行った日のこと
18%
きくおミク7 みずみずユッユ
18%
1 70億人の頭の上に風船を
18%
いきものの魂のゆくえ Blue Cave
18%
きくおミク4 てんしょうしょうてんしょう (2014 Livemix)
18%
きくおミク4 Giant
18%
1 星くずの掃除婦
14%
きくおミク2 楽しい楽しい悪夢へおいで
14%
きくおミク2 水の中で
14%
KIKUOWORLD2 ゆるやかに
14%
KIKUOWORLD2 呪術少年
14%
きくおミク4 ずっと見ているよ
14%
第一幕 朝さん夜さん
14%
第一幕 オオカミ男
14%
第一幕 セカセカ劇場
14%
第二幕 ころころころがる
14%
きくおミク5 交信交信交信中
14%
きくおミク5 おいしいたましい
14%
きくおミク6 とんねる大冒険
14%
きくおミク7 ふ​た​つ​の​木​馬
14%
きくおミク4 テクノロジーに夢乗せて (Kikuo Miku 4 mix)
14%
きくおミク2 星くずの掃除婦 (ReArrange ver.)
14%
きくおミク0 U-18
14%
1 昇る月、沈む太陽
9%
1 はじまりとおわりのうた
9%
KIKUOWORLD 妖精の霧
9%
KIKUOWORLD 水の神殿
9%
KIKUOWORLD 迷子の廃園
9%
KIKUOWORLD 暗叫
9%
きくおミク2 Pre-release 気持ちいいことだけで
9%
KIKUOWORLD2
9%
きくおミク3 無重力になって
9%
きくおミク3 異形の精霊
9%
いきものの魂のゆくえ 赤い月
9%
きくおミク4 矮星花火
9%
美味しい水滴 シーフード
9%
第二幕 おわり祈願
9%
第二幕 そこにはまた迷宮
9%
きくおミク5 六角六片三角 孔ねじれ正多面体ですか?
9%
At first jazz in parallel world
9%
KIKUOWORLD 無間地獄の子供たち
5%
KIKUOWORLD 人肉林からの楽しい逃走
5%
KIKUOWORLD 夢の海
5%
KIKUOWORLD | きくおミク0 青いピラミッド
5%
KIKUOWORLD 夢の始まり
5%
KIKUOWORLD2 夢見る機械人形
5%
きくおミク3 サクラノ後夜
5%
いきものの魂のゆくえ うつろな景色
5%
いきものの魂のゆくえ おまもり大樹
5%
きくおミク0 ミストラスト
5%
きくおミク0
5%
きくおミク0 混じる
5%
きくおミク0 大中華帝国
5%
きくおミク4 まっくらクラクラ
5%
きくおミク4 無限の時間を与えましょう
5%
美味しい水滴 跳ねて漏れた音
5%
美味しい水滴 嘘つきな君
5%
第一幕 ながいきの神様
5%
3枚の写真を見た日には 暑い暑い日
5%
3枚の写真を見た日には 何月の霧
5%
3枚の写真を見た日には 太陽と魂
5%
第二幕 アイされヒビわれカガミのうた
5%
第二幕 わたしどのわたし
5%
第二幕 破裂破裂破裂
5%
第二幕 雲雲予報
5%
きくおミク5 夢の底にもぐって
5%
きくおミク5 ららら螺旋のなか
5%
きくおミク6 闇祭
5%
きくおミク6 昨日はすべて返される
5%
きくおミク6 夏の雨の日の思い出
5%
No album ハレルヤ・スーパーアイドル
5%
きくおミク0 Tratamento pré-natal (Kikuo remix)
5%
KIKUOWORLD ON THE MOON
5%
No album Six Greetings
5%
No album Six Greetings (long ver.)
5%
きくおミク0 Strict Secrecy Sweet Love
5%
No album To you
5%
1 ボクを忘れた空想紀行
0%
KIKUOWORLD 夜想天鐘
0%
KIKUOWORLD 終末の花
0%
きくおミク2 さかさまうちゅう
0%
いきものの魂のゆくえ 稚魚の夢
0%
いきものの魂のゆくえ 星に苔生す
0%
きくおミク0 革命☆オトコノ娘新時代
0%
きくおミク0 記憶の棘
0%
きくおミク0 土と音
0%
きくおミク0 意識の空白
0%
きくおミク0 誰もいない
0%
きくおミク0 冬に一人
0%
きくおミク0 ワンダフォーワールド
0%
美味しい水滴 丸くてかわいい
0%
美味しい水滴 綿毛だった
0%
美味しい水滴 美味しい水
0%
きくお Live 優柔不断なわたしたち
0%
3枚の写真を見た日には 二人の情景
0%
3枚の写真を見た日には 冬になったら
0%
3枚の写真を見た日には バケーション
0%
3枚の写真を見た日には 落とし物は落としたいもの
0%
3枚の写真を見た日には 種の雨
0%
3枚の写真を見た日には 時間の止まった靴
0%
3枚の写真を見た日には 鳴き声をたよりに
0%
3枚の写真を見た日には 月の写真
0%
第二幕 ヒビダラケの眼
0%
第二幕 ぽんこつ人形の唄
0%
きくおミク6 学校を休んだ日のこと
0%
No album なきむしでんき
0%
3枚の写真を見た日には 3枚の写真
0%
きくおミク3 メトロポリタン美術館 (Kikuo remix)
0%
きくおミク0 Intro
0%
きくおミク0 Overture -Phantom Boundary- (Kikuo remix)
0%
きくおミク0 Wife 404 not found (Kikuo remix)
0%
美味しい水滴 Down
0%
きくおミク0 GEISHA HARAKIRI MOE
0%
きくおミク0 Machined memories
0%
At first mel and Alice
0%
At first my little prayer
0%
きくおミク0 人畜N系パラノイド
0%
At first rains
0%
きくおミク0 Shapeshifts
0%
No album stormy day
0%
きくおミク0 Triplights
0%
きくおミク0 UMANEKO
0%
At first wander and drain
0%
きくおミク0 Whiteouts
0%
No matching quizzes found
Score Distribution
Percent of People with Each Score
Percentile by Number Answered
Your Score History
You have not taken this quiz